000 00552nam a22001817a 4500
005 20251108165354.0
008 250721s1988 xx 000 0 ara d
082 1 4 _aم/922.13/باس
100 1 _aالجوابره، باسم فيصل
245 1 0 _aالرواة من الأخوة و الأخوات /
264 1 _aالرياض :
_bدار الراية للنشر و التوزيع،
_c1988.
300 _a351ص
650 1 7 _aالمحدثون
650 1 7 _aرجال الحديث
650 1 7 _aالتراجم
942 _2ddc
_cREF
999 _c26313
_d26313